00988nam a2200241 i 450000100060000000300090000600500170001500700030003200800410003502000180007608000280009410000360012224500810015826000480023930000210028750501120030860000330042071000570045374000350051085200620054599900170060795201220062411541ES-MaACL20230906150125.0t|921127s1991 sp |||| |bspa d a84-87319-58-0 a929 Torres Mena, José1 aSalas Parrilla, Miguel.910177110aBiografía de Don José Torres Mena / cescrita por Miguel Salas Parrilla. aCuenca : bDiputación Provincial, c1991. a65 p. ; c21 cm.8 aContiene: la reed. de la obra publicada en 1854 ; tLos dogmas de la revolución / rde José Torres Mena14aTorres Mena, José.91333271 aCuenca (Provincia). bDiputación Provincial.9334642aLos dogmas de la revolución. aES-MaACLjL-18858 z. - Dedicatoria autógrafa del autor c11541d11541 00104070aATENEOMbATENEOMcDEPO2d2008-01-17eSCl0oL-18858p1011764r2023-02-23 00:00:00w2023-02-23yMONOGRAFIA